000 00443nam a2200169Ia 4500
999 _c25609
_d25609
003 0100
008 130303s9999 xx 000 0 und d
040 _cARRUPELIB
050 _aBX2179.L8G451981
100 _aGiuliani, Maurice
_943170
245 4 _aThe Exercises in Daily Life
_ba Course Conducted
_cMaurice Giuliani
260 _aRome
_bPublication of the World Federation of Christian Life Communities
_c1981
300 _a150p. ;
_c21cm.
650 _aSpiritual exercises
_xCriticism
_932276
942 _2lcc
_cMONOGRAPH